[Event "MCR_O183"]
[Site "?"]
[Date "2003.??.??"]
[Round "?"]
[White "Cvak, Rudolf"]
[Black "Janovec, Vladimir"]
[Result "1-0"]
[WhiteElo "1800"]
[BlackElo "1837"]
[PlyCount "65"]
[EventDate "2003.??.??"]
[EventType "corr"]
[EventRounds "2"]
[SourceDate "2005.03.12"]

1. e4 e5 2. Nf3 Nc6 3. Bb5 Nf6 4. O-O Nxe4 5. d4 Be7 6. Qe2 Nd6 7. Bxc6 dxc6 8.
dxe5 Nf5 9. Rd1 Bd7 10. Nc3 O-O 11. Ne4 Qe8 12. Bg5 Be6 13. g4 Nh6 14. Bxh6
gxh6 15. Qe3 Bd5 16. Rd4 f5 17. exf6 Bxf6 18. Nxf6+ Rxf6 19. Ne5 Qe7 20. f4 Rd6
21. c4 Be6 22. Rf1 Rxd4 23. Qxd4 a6 24. f5 Bf7 25. f6 Qf8 26. Qf4 Re8 27. b4 c5
28. Rd1 Be6 29. g5 hxg5 30. Qxg5+ Kh8 31. Qh5 Qg8+ 32. Kf2 Rf8 33. Qh6 1-0

[Event "MCR_O183"]
[Site "?"]
[Date "2003.??.??"]
[Round "?"]
[White "Cvak, Rudolf"]
[Black "Lucan, Zdenko"]
[Result "1-0"]
[WhiteElo "1800"]
[BlackElo "1800"]
[PlyCount "46"]
[EventDate "2003.??.??"]
[EventType "corr"]
[EventRounds "2"]
[SourceDate "2005.03.12"]

1. e4 d5 2. exd5 Nf6 3. c4 e6 4. dxe6 Bxe6 5. Nf3 Be7 6. Be2 Nbd7 7. d4 c6 8.
O-O O-O 9. Nc3 Bg4 10. Re1 Bb4 11. Qb3 a5 12. Bg5 h6 13. Bxf6 Qxf6 14. a3 Bxc3
15. bxc3 b6 16. Nd2 Bxe2 17. Rxe2 a4 18. Qc2 Qg6 19. Qxg6 fxg6 20. Re6 Rf6 21.
Rae1 Rxe6 22. Rxe6 Rc8 23. Rxg6 Kf7 1-0

[Event "MCR_O183"]
[Site "?"]
[Date "2003.??.??"]
[Round "?"]
[White "Cvak, Rudolf"]
[Black "Majstr, Tomas"]
[Result "1/2-1/2"]
[WhiteElo "1800"]
[BlackElo "1800"]
[PlyCount "90"]
[EventDate "2003.??.??"]
[EventType "corr"]
[EventRounds "2"]
[SourceDate "2005.03.12"]

1. e4 e5 2. f4 d5 3. exd5 exf4 4. Nf3 Qxd5 5. Nc3 Qe6+ 6. Be2 Bd6 7. O-O Ne7 8.
d4 Nf5 9. Ng5 Qf6 10. Bb5+ Nc6 11. Re1+ Be6 12. Nxe6 fxe6 13. Bxc6+ bxc6 14.
Re4 O-O 15. Bxf4 Rad8 16. Qc1 Bxf4 17. Rxf4 Rxd4 18. Rf3 Rg4 19. Qd2 Qd4+ 20.
Qxd4 Nxd4 21. Rxf8+ Kxf8 22. Rf1+ Ke7 23. Rf2 e5 24. Kf1 Ke6 25. g3 h5 26. Na4
e4 27. c3 e3 28. Rg2 Nf5 29. b3 Kd5 30. Ke2 h4 31. Kf3 Re4 32. Ke2 hxg3 33.
hxg3 g5 34. Rg1 g4 35. Rd1+ Ke5 36. Rg1 Kd6 37. Rd1+ Ke7 38. Rg1 Re6 39. Nb2 c5
40. Nc4 Kf6 41. Rg2 Re8 42. Rg1 Re7 43. Rg2 Rd7 44. Rg1 Kg5 45. Rg2 a6 1/2-1/2

[Event "MCR_O183"]
[Site "?"]
[Date "2003.??.??"]
[Round "?"]
[White "Cvak, Rudolf"]
[Black "Petricek, Jiri"]
[Result "1-0"]
[WhiteElo "1800"]
[BlackElo "1876"]
[PlyCount "67"]
[EventDate "2003.??.??"]
[EventType "corr"]
[EventRounds "2"]
[SourceDate "2005.03.12"]

1. e4 e6 2. d4 d5 3. Nc3 Nf6 4. e5 Nfd7 5. f4 c5 6. Nf3 Nc6 7. Be3 Qb6 8. Na4
Qa5+ 9. c3 cxd4 10. b4 Nxb4 11. cxb4 Bxb4+ 12. Bd2 Bxd2+ 13. Nxd2 b6 14. Kf2
Nc5 15. Nxc5 bxc5 16. Nb3 Qc3 17. Bb5+ Bd7 18. Bxd7+ Kxd7 19. Re1 Rhc8 20. Rc1
Qb2+ 21. Re2 Qa3 22. Rec2 Ke8 23. Nxd4 Kf8 24. f5 Rcb8 25. Rxc5 Rb2+ 26. Kg1
Qe3+ 27. Kh1 Qxe5 28. Rc8+ Rxc8 29. Rxc8+ Ke7 30. Nc6+ Kf6 31. Nxe5 Kxe5 32.
fxe6 Kxe6 33. Qe1+ Kf5 34. Rc5 1-0

[Event "MCR_O183"]
[Site "?"]
[Date "2003.??.??"]
[Round "?"]
[White "Cvak, Rudolf"]
[Black "Pipek, Jan"]
[Result "1-0"]
[WhiteElo "1800"]
[BlackElo "1800"]
[PlyCount "50"]
[EventDate "2003.??.??"]
[EventType "corr"]
[EventRounds "2"]
[SourceDate "2005.03.12"]

1. e4 e5 2. Nf3 Nc6 3. Bb5 a6 4. Ba4 Nf6 5. d4 exd4 6. O-O Be7 7. e5 Ne4 8.
Nxd4 O-O 9. Nf5 d5 10. Bxc6 bxc6 11. Nxe7+ Qxe7 12. Re1 f6 13. f3 Ng5 14. exf6
Qxf6 15. Bxg5 Qxg5 16. Nd2 Bd7 17. Nb3 Rfe8 18. Nc5 Rxe1+ 19. Qxe1 Re8 20. Qf2
Bc8 21. Re1 Rxe1+ 22. Qxe1 Qg6 23. Nd3 Qf7 24. Qe3 Qg6 25. Qe7 Qe6 1-0

[Event "MCR_O183"]
[Site "?"]
[Date "2003.??.??"]
[Round "?"]
[White "Cvak, Rudolf"]
[Black "Vins, Karel"]
[Result "1-0"]
[WhiteElo "1800"]
[BlackElo "1800"]
[PlyCount "41"]
[EventDate "2003.??.??"]
[EventType "corr"]
[EventRounds "2"]
[SourceDate "2005.03.12"]

1. e4 e5 2. Nf3 Nc6 3. Bb5 a6 4. Ba4 Nf6 5. d4 exd4 6. O-O Be7 7. e5 Ng4 8. Re1
b5 9. Bb3 h5 10. h3 Nh6 11. Nxd4 Nxd4 12. Qxd4 O-O 13. Qe4 Rb8 14. Bxh6 gxh6
15. Qg6+ Kh8 16. Qxh6+ Kg8 17. Qg6+ Kh8 18. Bxf7 Rxf7 19. Qxf7 Qf8 20. Qxh5+
Kg8 21. Re3 1-0

[Event "MCR_O183"]
[Site "?"]
[Date "2003.??.??"]
[Round "?"]
[White "Janovec, Vladimir"]
[Black "Cvak, Rudolf"]
[Result "0-1"]
[WhiteElo "1837"]
[BlackElo "1800"]
[PlyCount "96"]
[EventDate "2003.??.??"]
[EventType "corr"]
[EventRounds "2"]
[SourceDate "2005.03.12"]

1. e4 e5 2. Bc4 Nf6 3. d4 exd4 4. Nf3 Nc6 5. O-O Nxe4 6. Re1 d5 7. Nxd4 Be7 8.
Nb5 dxc4 9. Qxd8+ Bxd8 10. Rxe4+ Be6 11. Bf4 Kd7 12. N1c3 a6 13. Rd1+ Kc8 14.
Rxd8+ Nxd8 15. Nxc7 Ra7 16. Be3 Kxc7 17. Bxa7 Nc6 18. Be3 b5 19. Bf4+ Kd7 20.
Re1 Bf5 21. Rd1+ Kc8 22. Rd6 Kb7 23. Nd5 Rd8 24. Rxd8 Nxd8 25. Ne3 Bg6 26. Be5
f6 27. Bc3 Kc6 28. Kf1 Kc5 29. a3 Nc6 30. b3 a5 31. Bxa5 Nxa5 32. b4+ Kb6 33.
Nd5+ Kc6 34. Ne7+ Kb7 35. Nxg6 hxg6 36. bxa5 Ka6 37. Ke2 Kxa5 38. Kd2 Ka4 39.
Kc3 Kxa3 40. h4 f5 41. g3 Ka2 42. Kb4 Kb2 43. c3 Kc2 44. f3 Kd2 45. g4 f4 46.
g5 Kd3 47. Kxb5 Kxc3 48. Kc5 Kd3 0-1

[Event "MCR_O183"]
[Site "?"]
[Date "2003.??.??"]
[Round "?"]
[White "Janovec, Vladimir"]
[Black "Lucan, Zdenko"]
[Result "1-0"]
[WhiteElo "1837"]
[BlackElo "1800"]
[PlyCount "54"]
[EventDate "2003.??.??"]
[EventType "corr"]
[EventRounds "2"]
[SourceDate "2005.03.12"]

1. f4 d5 2. e3 Nf6 3. h3 g6 4. d4 Bg7 5. Bd3 Nbd7 6. Nf3 c5 7. b3 O-O 8. Bb2 b6
9. O-O a5 10. c4 dxc4 11. bxc4 Bb7 12. Nc3 cxd4 13. exd4 Re8 14. Rc1 Bxf3 15.
Qxf3 Nh5 16. Nb5 Nf8 17. Be4 Rb8 18. f5 Nf6 19. Bc6 N6d7 20. fxg6 fxg6 21. Qf7+
Kh8 22. Rce1 Bf6 23. Na7 Qc7 24. Bd5 e6 25. Rxf6 exd5 26. Rxe8 Rxe8 27. Qxe8
Kg7 1-0

[Event "MCR_O183"]
[Site "?"]
[Date "2003.??.??"]
[Round "?"]
[White "Janovec, Vladimir"]
[Black "Majstr, Tomas"]
[Result "0-1"]
[WhiteElo "1837"]
[BlackElo "1800"]
[PlyCount "98"]
[EventDate "2003.??.??"]
[EventType "corr"]
[EventRounds "2"]
[SourceDate "2005.03.12"]

1. e4 e5 2. Nf3 Nc6 3. d4 exd4 4. Nxd4 Bc5 5. Be3 Qf6 6. c3 Nge7 7. Nc2 Bxe3 8.
Nxe3 O-O 9. Be2 d6 10. O-O Re8 11. f4 a6 12. Nd2 Rb8 13. Bd3 Qh6 14. b4 Ne5 15.
Bc2 N7g6 16. g3 Ne7 17. Re1 N5c6 18. Nf3 Qf6 19. Qd3 Ng6 20. Nd5 Qd8 21. a4 Nf8
22. a5 Bg4 23. Ba4 Nd7 24. Ng5 h6 25. Nf3 Ne7 26. Nd4 Nxd5 27. exd5 Re7 28. c4
Nf6 29. Rxe7 Qxe7 30. Qc3 Bd7 31. Re1 Qd8 32. Qa3 Qc8 33. Bxd7 Qxd7 34. Qd3 Re8
35. Nc2 Rxe1+ 36. Nxe1 b6 37. Nc2 bxa5 38. bxa5 Qa4 39. Kf2 Qxa5 40. Kg2 Qa2
41. Kh3 a5 42. Qe2 a4 43. Qd3 Qb2 44. g4 Qc1 45. Qf5 Qf1+ 46. Kg3 g6 47. Qxf6
Qd3+ 48. Kh4 Qxc2 49. Kg3 a3 0-1

[Event "MCR_O183"]
[Site "?"]
[Date "2003.??.??"]
[Round "?"]
[White "Janovec, Vladimir"]
[Black "Petricek, Jiri"]
[Result "1-0"]
[WhiteElo "1837"]
[BlackElo "1876"]
[PlyCount "37"]
[EventDate "2003.??.??"]
[EventType "corr"]
[EventRounds "2"]
[SourceDate "2005.03.12"]

1. e4 g6 2. d4 Bg7 3. c3 Nf6 4. Nf3 Nxe4 5. Bd3 d5 6. O-O O-O 7. Re1 Nxf2 8.
Kxf2 Bg4 9. Nbd2 Nc6 10. h3 Bh5 11. g4 Qd7 12. gxh5 Qxh3 13. Rh1 Qg4 14. Qg1
Qf4 15. Ne4 Qf5 16. Nc5 Qc8 17. hxg6 fxg6 18. Rxh7 Kxh7 19. Qxg6+ 1-0

[Event "MCR_O183"]
[Site "?"]
[Date "2003.??.??"]
[Round "?"]
[White "Janovec, Vladimir"]
[Black "Pipek, Jan"]
[Result "1-0"]
[WhiteElo "1837"]
[BlackElo "1800"]
[PlyCount "61"]
[EventDate "2003.??.??"]
[EventType "corr"]
[EventRounds "2"]
[SourceDate "2005.03.12"]

1. d4 Nf6 2. c4 e6 3. Nf3 b6 4. a3 Ba6 5. Qc2 Bb7 6. Nc3 c5 7. dxc5 Bxc5 8. b4
Be7 9. e4 O-O 10. e5 Ne8 11. Bd3 f5 12. Be2 d6 13. exd6 Nxd6 14. Bf4 Ne4 15.
O-O Nxc3 16. Qxc3 Bf6 17. Be5 Nd7 18. Bxf6 Nxf6 19. Qe5 Qe7 20. Nd4 Rfe8 21.
Rfd1 Nd7 22. Qxe6+ Qxe6 23. Nxe6 Rxe6 24. Rxd7 Bxg2 25. Bh5 g6 26. Kxg2 gxh5
27. Rad1 Rg6+ 28. Kf3 Rg7 29. Rxg7+ Kxg7 30. Kf4 Rf8 31. Rd7+ 1-0

[Event "MCR_O183"]
[Site "?"]
[Date "2003.??.??"]
[Round "?"]
[White "Janovec, Vladimir"]
[Black "Vins, Karel"]
[Result "1-0"]
[WhiteElo "1837"]
[BlackElo "1800"]
[PlyCount "53"]
[EventDate "2003.??.??"]
[EventType "corr"]
[EventRounds "2"]
[SourceDate "2005.03.12"]

1. e4 e5 2. Nc3 Nf6 3. Bc4 Be7 4. Nf3 d6 5. d4 exd4 6. Nxd4 Bd7 7. O-O O-O 8.
f4 h6 9. Re1 c5 10. Ndb5 Bxb5 11. Bxb5 a6 12. Be2 Nc6 13. Be3 Re8 14. Bf3 Qc7
15. Bf2 Rad8 16. Qd2 b6 17. Re2 Kh8 18. Nd5 Nxd5 19. exd5 Nb8 20. Rae1 Kg8 21.
Bh4 Kf8 22. Bxe7+ Rxe7 23. Rxe7 Qxe7 24. Rxe7 Kxe7 25. Qe3+ Kf8 26. Qd3 g6 27.
f5 1-0

[Event "MCR_O183"]
[Site "?"]
[Date "2003.??.??"]
[Round "?"]
[White "Lucan, Zdenko"]
[Black "Cvak, Rudolf"]
[Result "0-1"]
[WhiteElo "1800"]
[BlackElo "1800"]
[PlyCount "42"]
[EventDate "2003.??.??"]
[EventType "corr"]
[EventRounds "2"]
[SourceDate "2005.03.12"]

1. f4 e5 2. fxe5 d6 3. exd6 Bxd6 4. Nf3 g5 5. d4 g4 6. Ne5 Bxe5 7. dxe5 Qxd1+
8. Kxd1 Nc6 9. Bf4 Be6 10. e3 O-O-O+ 11. Nd2 Nge7 12. Bg5 Rhg8 13. Bf6 Nd5 14.
Bxd8 Nxe3+ 15. Kc1 Rxd8 16. g3 Nb4 17. b3 Nexc2 18. Rb1 Nxa2+ 19. Kxc2 Bf5+ 20.
Kb2 Rxd2+ 21. Ka1 Nc3 0-1

[Event "MCR_O183"]
[Site "?"]
[Date "2003.??.??"]
[Round "?"]
[White "Lucan, Zdenko"]
[Black "Janovec, Vladimir"]
[Result "0-1"]
[WhiteElo "1800"]
[BlackElo "1837"]
[PlyCount "62"]
[EventDate "2003.??.??"]
[EventType "corr"]
[EventRounds "2"]
[SourceDate "2005.03.12"]

1. b4 d5 2. Bb2 Nf6 3. d3 e5 4. a3 Bd6 5. h3 e4 6. e3 O-O 7. d4 c6 8. Ne2 a5 9.
bxa5 Qxa5+ 10. c3 b6 11. Nc1 Ba6 12. Nb3 Qa4 13. Bxa6 Nxa6 14. O-O Nc7 15. N3d2
Qxd1 16. Rxd1 b5 17. Nf1 Ne6 18. Ng3 Ra6 19. Nf5 Bc7 20. Nd2 Rfa8 21. Nb3 g6
22. Nh6+ Kf8 23. Ng4 Nd7 24. Ne5 Nxe5 25. dxe5 Bxe5 26. Re1 Ke7 27. Nd4 Nc5 28.
Ra2 Nd3 29. Re2 Bxd4 30. cxd4 Nb4 31. Bc3 Nxa2 0-1

[Event "MCR_O183"]
[Site "?"]
[Date "2003.??.??"]
[Round "?"]
[White "Lucan, Zdenko"]
[Black "Majstr, Tomas"]
[Result "0-1"]
[WhiteElo "1800"]
[BlackElo "1800"]
[PlyCount "42"]
[EventDate "2003.??.??"]
[EventType "corr"]
[EventRounds "2"]
[SourceDate "2005.03.12"]

1. f4 d5 2. Nf3 Nf6 3. g3 Bf5 4. b3 e6 5. Bg2 Bc5 6. d4 Bb6 7. Ba3 Na6 8. Ne5
c5 9. dxc5 Nxc5 10. Bxc5 Bxc5 11. Nc3 Qa5 12. Kf1 Qxc3 13. Nd3 Ng4 14. Nxc5
Ne3+ 15. Kf2 Nxd1+ 16. Raxd1 Qxc5+ 17. Kf1 Qe3 18. Ke1 Rc8 19. Rd2 Bxc2 20. Rf1
Bf5 21. Rf3 Qg1+ 0-1

[Event "MCR_O183"]
[Site "?"]
[Date "2003.??.??"]
[Round "?"]
[White "Lucan, Zdenko"]
[Black "Petricek, Jiri"]
[Result "1-0"]
[WhiteElo "1800"]
[BlackElo "1876"]
[PlyCount "57"]
[EventDate "2003.??.??"]
[EventType "corr"]
[EventRounds "2"]
[SourceDate "2005.03.12"]

1. f4 d5 2. Nf3 Nf6 3. e3 e6 4. g3 Bd6 5. b3 O-O 6. Bb2 Qe7 7. Bd3 b6 8. c3 Ng4
9. O-O Nf6 10. Qc2 Nc6 11. a4 Bb7 12. Ba3 Rfc8 13. Bxd6 cxd6 14. Qd1 Ne4 15.
Bxe4 dxe4 16. Nd4 Nxd4 17. cxd4 d5 18. Nc3 Rc7 19. Nb5 Rc6 20. Nc3 Ba6 21. Re1
Bd3 22. Rc1 Rac8 23. Na2 Bc2 24. Rxc2 Rxc2 25. Nc3 Rb2 26. Qa1 Rxb3 27. Nb5 Qb4
28. Nxa7 Rc2 29. Kf2 1-0

[Event "MCR_O183"]
[Site "?"]
[Date "2003.??.??"]
[Round "?"]
[White "Lucan, Zdenko"]
[Black "Pipek, Jan"]
[Result "1/2-1/2"]
[WhiteElo "1800"]
[BlackElo "1800"]
[PlyCount "59"]
[EventDate "2003.??.??"]
[EventType "corr"]
[EventRounds "2"]
[SourceDate "2005.03.12"]

1. f4 d5 2. Nf3 Nf6 3. e3 g6 4. g3 Bg7 5. Bg2 O-O 6. O-O c5 7. b3 Nc6 8. Bb2 d4
9. exd4 cxd4 10. d3 Ng4 11. Qd2 Ne3 12. Re1 Bg4 13. h3 Nxg2 14. Qxg2 Bxf3 15.
Qxf3 f5 16. a3 Re8 17. Nd2 e5 18. Rab1 Re6 19. Re2 Qd7 20. Rbe1 Rae8 21. c3
dxc3 22. Bxc3 exf4 23. Bxg7 Kxg7 24. Rxe6 Rxe6 25. Rxe6 Qxe6 26. Qxf4 Qe5 27.
Qxe5+ Nxe5 28. d4 Nd7 29. Kf2 Kf6 30. Ke3 1/2-1/2

[Event "MCR_O183"]
[Site "?"]
[Date "2003.??.??"]
[Round "?"]
[White "Lucan, Zdenko"]
[Black "Vins, Karel"]
[Result "1/2-1/2"]
[WhiteElo "1800"]
[BlackElo "1800"]
[PlyCount "46"]
[EventDate "2003.??.??"]
[EventType "corr"]
[EventRounds "2"]
[SourceDate "2005.03.12"]

1. f4 d5 2. Nf3 Nf6 3. e3 c5 4. b3 Nc6 5. Bb2 Bd7 6. Ne5 g6 7. Nxd7 Qxd7 8.
Bxf6 exf6 9. Bb5 a6 10. Be2 f5 11. a3 Bg7 12. c3 O-O 13. Ra2 Ne7 14. O-O b5 15.
d3 Rab8 16. Qc2 Rfe8 17. g3 Nc6 18. Qd2 Qe7 19. Rf3 a5 20. Kf2 h5 21. h4 d4 22.
Bd1 b4 23. Kf1 dxe3 1/2-1/2

[Event "MCR_O183"]
[Site "?"]
[Date "2003.??.??"]
[Round "?"]
[White "Majstr, Tomas"]
[Black "Cvak, Rudolf"]
[Result "1-0"]
[WhiteElo "1800"]
[BlackElo "1800"]
[PlyCount "31"]
[EventDate "2003.??.??"]
[EventType "corr"]
[EventRounds "2"]
[SourceDate "2005.03.12"]

1. d4 Nf6 2. c4 g6 3. Nf3 Bg7 4. Nc3 O-O 5. e4 d6 6. Be2 e5 7. dxe5 dxe5 8.
Qxd8 Rxd8 9. Bg5 Re8 10. Nd5 Nxd5 11. cxd5 c6 12. Rd1 cxd5 13. Bb5 Bd7 14. Rxd5
Be6 15. Bxe8 Bxd5 16. exd5 1-0

[Event "MCR_O183"]
[Site "?"]
[Date "2003.??.??"]
[Round "?"]
[White "Majstr, Tomas"]
[Black "Janovec, Vladimir"]
[Result "1-0"]
[WhiteElo "1800"]
[BlackElo "1837"]
[PlyCount "101"]
[EventDate "2003.??.??"]
[EventType "corr"]
[EventRounds "2"]
[SourceDate "2005.03.12"]

1. c4 e5 2. Nc3 Nc6 3. Nf3 f5 4. d4 e4 5. Ng5 Nf6 6. e3 g6 7. Nh3 Bg7 8. Be2
Ne7 9. O-O d5 10. Nf4 c6 11. Qb3 Bh6 12. cxd5 Bxf4 13. dxc6 Nxc6 14. exf4 Nxd4
15. Qa4+ Qd7 16. Qd1 Nxe2+ 17. Qxe2 O-O 18. Rd1 Qf7 19. f3 Re8 20. fxe4 fxe4
21. Rd4 Bg4 22. Qf2 Bf5 23. Be3 a6 24. Rad1 Rac8 25. a4 Qb3 26. h3 b5 27. axb5
axb5 28. R4d2 Rc6 29. Ne2 Qf7 30. Nd4 Rc5 31. b4 Rd5 32. Ra1 Qf8 33. Ra6 Bd7
34. f5 Bxf5 35. g4 Nxg4 36. hxg4 Bxg4 37. Qxf8+ Kxf8 38. Rb6 Kg7 39. Rc2 Red8
40. Rc7+ R8d7 41. Rxb5 Rxb5 42. Nxb5 Rxc7 43. Nxc7 Kf6 44. b5 Bd7 45. b6 Bc8
46. Kg2 Bb7 47. Kg3 Kf5 48. Nb5 Ke5 49. Nd4 h6 50. Nb3 h5 51. Nc5 1-0

[Event "MCR_O183"]
[Site "?"]
[Date "2003.??.??"]
[Round "?"]
[White "Majstr, Tomas"]
[Black "Lucan, Zdenko"]
[Result "1-0"]
[WhiteElo "1800"]
[BlackElo "1800"]
[PlyCount "49"]
[EventDate "2003.??.??"]
[EventType "corr"]
[EventRounds "2"]
[SourceDate "2005.03.12"]

1. d4 e6 2. Nf3 f5 3. g3 Nf6 4. Bg2 g6 5. c4 Bg7 6. Nc3 d6 7. O-O O-O 8. Qb3 c6
9. Bf4 Nh5 10. Bg5 Nf6 11. e4 Qe8 12. exf5 exf5 13. Bf4 Ne4 14. Rae1 Qd8 15.
Nxe4 fxe4 16. Rxe4 a5 17. Rfe1 Kh8 18. Qe3 Bd7 19. Bxd6 Rg8 20. Ng5 Be8 21.
Rxe8 Rxe8 22. Qxe8+ Qxe8 23. Rxe8+ Bf8 24. Be5+ Kg8 25. Bh3 1-0

[Event "MCR_O183"]
[Site "?"]
[Date "2003.??.??"]
[Round "?"]
[White "Majstr, Tomas"]
[Black "Petricek, Jiri"]
[Result "1-0"]
[WhiteElo "1800"]
[BlackElo "1876"]
[PlyCount "35"]
[EventDate "2003.??.??"]
[EventType "corr"]
[EventRounds "2"]
[SourceDate "2005.03.12"]

1. e4 g6 2. d4 Bg7 3. Nc3 Nf6 4. f4 d6 5. Nf3 O-O 6. Bd3 b6 7. e5 Ng4 8. O-O
Bb7 9. Qe1 dxe5 10. dxe5 c5 11. Qh4 h6 12. Qxg4 Nc6 13. e6 Bd4+ 14. Kh1 Qe8 15.
f5 Bxc3 16. bxc3 fxe6 17. fxg6 Kg7 18. Bxh6+ 1-0

[Event "MCR_O183"]
[Site "?"]
[Date "2003.??.??"]
[Round "?"]
[White "Majstr, Tomas"]
[Black "Pipek, Jan"]
[Result "1-0"]
[WhiteElo "1800"]
[BlackElo "1800"]
[PlyCount "44"]
[EventDate "2003.??.??"]
[EventType "corr"]
[EventRounds "2"]
[SourceDate "2005.03.12"]

1. e4 e5 2. Nf3 Nc6 3. d4 exd4 4. Nxd4 Nf6 5. Nc3 Bb4 6. Nxc6 bxc6 7. Bd3 d5 8.
exd5 cxd5 9. O-O O-O 10. Bg5 Be6 11. Nb5 Be7 12. Bf4 Bd6 13. Nxd6 cxd6 14. c3
Re8 15. Re1 Qd7 16. Qc2 g6 17. Be3 Ng4 18. Bd4 Rac8 19. a4 Ne5 20. Ba6 Rc6 21.
Bb5 Bh3 22. f4 Qg4 1-0

[Event "MCR_O183"]
[Site "?"]
[Date "2003.??.??"]
[Round "?"]
[White "Petricek, Jiri"]
[Black "Cvak, Rudolf"]
[Result "0-1"]
[WhiteElo "1876"]
[BlackElo "1800"]
[PlyCount "62"]
[EventDate "2003.??.??"]
[EventType "corr"]
[EventRounds "2"]
[SourceDate "2005.03.12"]

1. e4 c5 2. Nf3 Nc6 3. d4 cxd4 4. Nxd4 Nf6 5. Nc3 e5 6. Ndb5 d6 7. Bg5 a6 8.
Bxf6 gxf6 9. Na3 f5 10. Qh5 b5 11. Naxb5 axb5 12. Bxb5 Bb7 13. O-O Bg7 14. Qxf5
O-O 15. Nd5 Nd4 16. Qd7 Bxd5 17. exd5 Qxd7 18. Bxd7 Nxc2 19. Rac1 Nd4 20. Ra1
Rfb8 21. a4 Ra7 22. Bc6 Rxb2 23. f4 Ne2+ 24. Kh1 Nxf4 25. g3 Nd3 26. a5 e4 27.
a6 e3 28. Rf3 Bd4 29. h4 Nf2+ 30. Kg1 e2 31. Bb5 Nd1+ 0-1

[Event "MCR_O183"]
[Site "?"]
[Date "2003.??.??"]
[Round "?"]
[White "Petricek, Jiri"]
[Black "Janovec, Vladimir"]
[Result "0-1"]
[WhiteElo "1876"]
[BlackElo "1837"]
[PlyCount "64"]
[EventDate "2003.??.??"]
[EventType "corr"]
[EventRounds "2"]
[SourceDate "2005.03.12"]

1. c4 e5 2. Nc3 Nc6 3. Nf3 f5 4. d4 e4 5. Ng5 Nf6 6. Bf4 h6 7. Nh3 Bb4 8. e3 d6
9. d5 Bxc3+ 10. bxc3 Ne7 11. Be2 O-O 12. O-O Nd7 13. c5 Nxc5 14. g3 Bd7 15. Re1
Nc8 16. Bxh6 gxh6 17. Bc4 Nb6 18. Be2 Rf7 19. Bh5 Rg7 20. Nf4 Bb5 21. Ng6 Nd3
22. Nf4 Nxe1 23. a4 Nf3+ 24. Bxf3 Bxa4 25. Qe2 exf3 26. Qxf3 Qe7 27. Ne6 Rf7
28. e4 Bc2 29. Qh5 Qf6 30. Qxf5 Qxf5 31. exf5 Bxf5 32. Nd4 Nxd5 0-1

[Event "MCR_O183"]
[Site "?"]
[Date "2003.??.??"]
[Round "?"]
[White "Petricek, Jiri"]
[Black "Lucan, Zdenko"]
[Result "0-1"]
[WhiteElo "1876"]
[BlackElo "1800"]
[PlyCount "56"]
[EventDate "2003.??.??"]
[EventType "corr"]
[EventRounds "2"]
[SourceDate "2005.03.12"]

1. e4 d5 2. e5 c5 3. f4 e6 4. Nf3 Nc6 5. g3 c4 6. Bg2 Nge7 7. c3 Nf5 8. b3 b5
9. O-O Bc5+ 10. Kh1 Bb7 11. b4 Bb6 12. d4 cxd3 13. Qxd3 a6 14. a4 bxa4 15. Rxa4
O-O 16. g4 Nh4 17. Ng5 g6 18. Qh3 h6 19. Qxh4 hxg5 20. fxg5 Nxe5 21. Nd2 Be3
22. Ne4 dxe4 23. Bxe3 Nf3 24. Bxf3 exf3 25. Kg1 Qd3 26. Bd4 f6 27. gxf6 Rf7 28.
Re1 Rc8 0-1

[Event "MCR_O183"]
[Site "?"]
[Date "2003.??.??"]
[Round "?"]
[White "Petricek, Jiri"]
[Black "Pipek, Jan"]
[Result "1/2-1/2"]
[WhiteElo "1876"]
[BlackElo "1800"]
[PlyCount "48"]
[EventDate "2003.??.??"]
[EventType "corr"]
[EventRounds "2"]
[SourceDate "2005.03.12"]

1. c4 e5 2. Nc3 Nc6 3. Nf3 f5 4. d3 Bb4 5. Bg5 Nf6 6. g3 h6 7. Bd2 d5 8. cxd5
Nxd5 9. Bg2 Nxc3 10. bxc3 Bc5 11. O-O Qf6 12. Rb1 O-O 13. c4 Rb8 14. Bc3 Bd4
15. Bxd4 Nxd4 16. Nxd4 exd4 17. Bd5+ Kh8 18. Bg2 b6 19. c5 Bb7 20. Qc2 Bxg2 21.
Kxg2 Qc6+ 22. Kg1 Qxc5 23. Qxc5 bxc5 24. Rfc1 Rb6 1/2-1/2

[Event "MCR_O183"]
[Site "?"]
[Date "2003.??.??"]
[Round "?"]
[White "Petricek, Jiri"]
[Black "Vins, Karel"]
[Result "0-1"]
[WhiteElo "1876"]
[BlackElo "1800"]
[PlyCount "66"]
[EventDate "2003.??.??"]
[EventType "corr"]
[EventRounds "2"]
[SourceDate "2005.03.12"]

1. c4 c5 2. Nc3 Nc6 3. Nf3 Nf6 4. d4 cxd4 5. Nxd4 e6 6. Ndb5 d6 7. Bf4 e5 8.
Bg5 a6 9. Bxf6 gxf6 10. Na3 Be6 11. e3 f5 12. h4 Qe7 13. b3 h5 14. Be2 O-O-O
15. Bf3 e4 16. Nd5 Bxd5 17. cxd5 exf3 18. dxc6 fxg2 19. cxb7+ Qxb7 20. Rc1+ Kb8
21. Rg1 Qb4+ 22. Qd2 Qxa3 23. Rxg2 d5 24. Rg5 Bb4 25. Rc3 Rc8 26. Qxd5 Bxc3+
27. Kf1 Qe7 28. Qxf5 Bf6 29. Qf4+ Ka8 30. Qf3+ Kb8 31. Qf4+ Rc7 32. Ra5 Qd8 33.
Rc5 Qd1+ 0-1

[Event "MCR_O183"]
[Site "?"]
[Date "2003.??.??"]
[Round "?"]
[White "Pipek, Jan"]
[Black "Cvak, Rudolf"]
[Result "0-1"]
[WhiteElo "1800"]
[BlackElo "1800"]
[PlyCount "41"]
[EventDate "2003.??.??"]
[EventType "corr"]
[EventRounds "2"]
[SourceDate "2005.03.12"]

1. e4 Nf6 2. e5 Nd5 3. c4 Nb6 4. d4 d6 5. f4 dxe5 6. fxe5 Nc6 7. Be3 Bf5 8. Nc3
e6 9. Nf3 Qe7 10. d5 exd5 11. Bxb6 axb6 12. cxd5 Nxe5 13. Nxe5 Qxe5+ 14. Qe2
Qxe2+ 15. Bxe2 Bb4 16. O-O Bg6 17. Bb5+ Ke7 18. a3 Bxc3 19. bxc3 Kd6 20. Bc4
Ra5 21. Rfd1 0-1

[Event "MCR_O183"]
[Site "?"]
[Date "2003.??.??"]
[Round "?"]
[White "Pipek, Jan"]
[Black "Janovec, Vladimir"]
[Result "0-1"]
[WhiteElo "1800"]
[BlackElo "1837"]
[PlyCount "58"]
[EventDate "2003.??.??"]
[EventType "corr"]
[EventRounds "2"]
[SourceDate "2005.03.12"]

1. e4 e5 2. Nf3 Nc6 3. Bb5 Nf6 4. O-O Nxe4 5. d4 Nd6 6. Bxc6 dxc6 7. dxe5 Nf5
8. Qxd8+ Kxd8 9. Nc3 Ke8 10. h3 Bd7 11. b3 Be6 12. Bb2 Rd8 13. Rad1 Bb4 14. a3
Rxd1 15. Rxd1 Ba5 16. b4 Bb6 17. a4 a5 18. bxa5 Bxa5 19. g4 Ne7 20. Ne2 Ng6 21.
Ng5 Bd5 22. Rd3 h6 23. Nf3 Bb4 24. Nd2 h5 25. g5 Bxd2 26. Rxd2 Nh4 27. Rd3 Nf3+
28. Kf1 Nxg5 29. Nf4 Bc4 0-1

[Event "MCR_O183"]
[Site "?"]
[Date "2003.??.??"]
[Round "?"]
[White "Pipek, Jan"]
[Black "Lucan, Zdenko"]
[Result "0-1"]
[WhiteElo "1800"]
[BlackElo "1800"]
[PlyCount "31"]
[EventDate "2003.??.??"]
[EventType "corr"]
[EventRounds "2"]
[SourceDate "2005.03.12"]

1. e4 c5 2. Nf3 d6 3. d4 cxd4 4. Nxd4 Nf6 5. Nc3 e5 6. Nb3 Nc6 7. Bg5 Be7 8. f3
O-O 9. Nd5 Nxd5 10. exd5 Bxg5 11. dxc6 bxc6 12. g3 a5 13. h4 Bf6 14. c3 a4 15.
Nd2 c5 16. Qc2 {chybny zapis} 0-1

[Event "MCR_O183"]
[Site "?"]
[Date "2003.??.??"]
[Round "?"]
[White "Pipek, Jan"]
[Black "Majstr, Tomas"]
[Result "0-1"]
[WhiteElo "1800"]
[BlackElo "1800"]
[PlyCount "45"]
[EventDate "2003.??.??"]
[EventType "corr"]
[EventRounds "2"]
[SourceDate "2005.03.12"]

1. e4 e6 2. d4 d5 3. Nc3 Nf6 4. Bg5 dxe4 5. Nxe4 Nbd7 6. Nf3 Be7 7. Nxf6+ Bxf6
8. h4 h6 9. Bxf6 Nxf6 10. Qd2 O-O 11. O-O-O Qd5 12. Kb1 b6 13. Bd3 Bb7 14. Rhe1
Rad8 15. Re5 Qd6 16. Re2 Bxf3 17. gxf3 Kh8 18. Ree1 Qxd4 19. Rh1 Rd6 20. Rdg1
Rfd8 21. Rg2 c5 22. Rhg1 c4 23. Rxg7 0-1